Normal view
MARC view
Entry Personal Name
001 - CONTROL NUMBER
- control field: 2097
003 - CONTROL NUMBER IDENTIFIER
- control field: BD-RjUL
005 - DATE AND TIME OF LATEST TRANSACTION
- control field: 20220328152537.0
008 - FIXED-LENGTH DATA ELEMENTS
- fixed length control field: 220328|| aca||aabn | a|a d
040 ## - CATALOGING SOURCE
- Original cataloging agency: BD-RjUL
- Transcribing agency: BD-RjUL
100 ## - HEADING--PERSONAL NAME
- Personal name: আযম, মো: ফারুক-ই-
- Dates associated with a name: ১৯২৬-১৯৯৭
- General subdivision: সমালোচনা ও ব্যাখা
670 ## - SOURCE DATA FOUND
- Source citation: Work cat.: (BD-RjUL)79626: আযম, মো: ফারুক-ই- 2096, শামসুদ্দীন আবুল কালামের উপন্যাস :, ২০০৩